000 00779nam a2200277 i 4500
001 bgj
100 1 _aLAWRENCE, D. H.
245 1 0 _aBritish and American short stories /
_cD. H. Lawrence ; Retold by G. C. Thornley.
250 _a[2nd impres.].
260 _aHarlow :
_bPearnson Education Limited,
_c2000.
300 _aVII, 78, [1] pp ;
_c20 cm.
490 1 _aPenguin Readers
650 9 _aBritish short stories
650 9 _aAmerican short stories
650 9 _aShort stories
700 1 _aTHORNLEY, G. C.
700 1 _aHOPKINS, Andy
700 1 _aPOTTER, Jocelyn
830 _aPenguin Readers
020 _a0582419247 (pbk)
040 _cBPK
041 0 _aeng
920 _a0582-41924-7 (pbk)
942 _cKS
008 s uk f |000 0 eng
999 _c48307
_d48307
856 _uhttp://koha.tu.koszalin.pl/cgi-bin/koha/opac-detail.pl?biblionumber=48307
_yKatalog online BPK